• 首页
  • 本馆介绍
  • 公告通知
  • 最新文献
  • 馆藏检索
  • 电子资源
  • 读者导购
  • 参考咨询
  • 我的图书馆
  • 登录
  • 详细信息显示
  • 放入我的书架
  • 预约/预借图书
  • 作者相关作品
  • 分类相关作品
  • 丛书相关作品
  • 出版社相关作品

书目信息

  • 表格格式
  • 工作单格式
  • 卡片格式
题名:
体育游戏
    
 
作者: 体育游戏教材编写组 编
分册:  
出版信息: 北京   高等教育出版社  1996
页数: 371页
开本: 20cm
丛书名:
单 册:
中图分类: G89
科图分类:
主题词: 文娱性体育活动
电子资源:
ISBN: 7-04-005927-4
000 00617nam0 2200205 450
001 0660072250
005 20070618083333.87
010    @a7-04-005927-4@dCNY11.50
100    @a20060929d1996 km y0chiy0120 ea
101 0  @achi
102    @aCN@b110000
200 1  @a体育游戏@Ati yu you xi@f体育游戏教材编写组编@Fti yu you xi jiao cai bian xie zu bian
210    @a北京@c高等教育出版社@d1996
215    @a371页@d20cm
300    @a高等学校教材
606 0  @a文娱性体育活动
690    @aG89@v3
701  0 @a体育游戏教材编写组@Ati yu you xi jiao cai bian xie zu@4编
801  0 @aCN@bNISOFT@c20070618
905    @a10447@dG89@e224
    
    体育游戏/体育游戏教材编写组编.-北京:高等教育出版社,1996
    371页;20cm
    高等学校教材
    
    ISBN 7-04-005927-4:CNY11.50
    
●
相关链接 在E读中查询图书 在五车中查询图书 在当当中查询图书 在豆瓣中查询图书


正题名:体育游戏     索取号:G89/224         预约/预借

序号 登录号 条形码 馆藏地/架位号 状态 备注
1 0493894   204938942   密集书库/ [索取号:G89/224] 在馆    
2 0494131   204941313   密集书库/ [索取号:G89/224] 在馆    
3 0494216   204942161   密集书库/ [索取号:G89/224] 在馆    
4 0654543   206545434   库房3/ [索取号:G89/224] 在馆    
5 0654544   206545443   库房3/ [索取号:G89/224] 在馆    
6 0654545   206545452   库房3/ [索取号:G89/224] 在馆    
唐山师范学院图书馆 欢迎您!
大连网信软件有限公司© 版权所有